000 01303cam a22003614a 4500
001 14786524
003 OSt
005 20251208101708.0
008 070327r20071985ilu b 000 0 eng
010 _a 2007004491
020 _a9780830842315
_qpbk. : alk. paper
020 _a9780851118703
_qpbk. : alk. paper
035 _a14786524
040 _aDLC
_cDLC
_dDLC
050 0 0 _aBS2575.53
_b.F69 2008
082 0 0 _a226.2/07
_222
100 1 _aFrance, R. T.
240 1 0 _aGospel according to Matthew
245 1 0 _aMatthew :
_ban introduction and commentary /
_cR.T. France.
260 _aDowners Grove, IL :
_bInterVarsity Press,
_c2008.
300 _a416 p. ;
_c19 cm.
336 _atext
_btxt
_2rdacontent
337 _aunmediated
_bn
_2rdamedia
338 _avolume
_bnc
_2rdacarrier
490 0 _aThe Tyndale New Testament commentaries ;
_v1
504 _aIncludes bibliographical references.
630 0 0 _aBible.
_pMatthew
_vCommentaries.
655 7 _aCommentaries.
_2lcgft
_0https://id.loc.gov/authorities/genreForms/gf2025026014
906 _a7
_bcbc
_corignew
_d1
_eecip
_f20
_gy-gencatlg
942 _2lcc
_cBK
999 _c20950
_d20949